Das kapital ; kritik der politischen okonomie /

Bibliographic Details
Main Author: Marx, Karl, 1818-1883
Format: Book
Language:German
Published: Stuttgart : Kroner, [1969]
Series:Kröners Taschenausgabe ; Bd. 64.
Subjects:

MARC

Tag First Indicator Second Indicator Subfields
LEADER 00000cam a2200000 i 4500
001 in00000221621
005 20151009080601.0
008 750710s1969 gw 00110 ger d
035 |a (OCoLC)01442060 
035 |9 AAZ5474AM 
040 |c ORL  |d TXA  |d UtOrBLW 
049 |a TXAM  |c [956705] 
090 |a HB501  |b .M344 
100 1 |a Marx, Karl,  |d 1818-1883. 
245 1 4 |a Das kapital ;  |b kritik der politischen okonomie /  |c Karl Marx ; im Zusammenhang ausgewahlt und eingeleitet von Benedikt Kautsky. 
264 1 |a Stuttgart :  |b Kroner,  |c [1969] 
300 |a L, 755 pages 
336 |a text  |b txt  |2 rdacontent 
337 |a unmediated  |b n  |2 rdamedia 
338 |a volume  |b nc  |2 rdacarrier 
490 1 |a Kroners Taschenausgabe,  |v Bd. 64 
500 |a Includes index. 
650 0 |a Capital. 
650 0 |a Economics. 
830 0 |a Kröners Taschenausgabe ;  |v Bd. 64. 
999 |a MARS 
999 f f |s 43f8c382-ebb0-37c8-8af6-f56b9e2e9981  |i 1153a9fa-08e1-3257-a2b5-5dbf34fbc073  |t 0 
952 f f |p ric  |a Texas A&M University  |b Rellis Campus  |c Joint Library Facility  |d Remote Storage  |t 0  |e HB501 .M344  |h Library of Congress classification  |i unmediated -- volume  |m A14802545100 
998 f f |a HB501 .M344  |t 0  |l Remote Storage